Fast Food Places by Menu Items - Statistics

General Stats
  • This quiz has been taken 94 times
  • The average score is 11 of 25
Answer Stats
Hint Answer % Correct
Whopper Burger King
90%
Quarter Pounder with Cheese McDonald’s
90%
Doritos Locos Tacos Taco Bell
90%
Baconator Wendy’s
76%
Animal-Style Fries In N’ Out
73%
Timbits Tim Hortons
66%
Shaq-a-Roni Pizza Papa John’s
53%
Deep!Deep! Dish Pizza Little Caesar’s
50%
Honey Walnut Shrimp Panda Express
50%
Pizza Melts Pizza Hut
49%
Crab Cake Shares Long John Silver’s
47%
Famous Bowl KFC
44%
Non-Dairy Jamoca Chip Ice Cream Baskin-Robbins
43%
Double Famous Star Carl’s Jr.
43%
Wake-Up Wrap Dunkin’ Donuts
33%
Bacon & Gruyere Egg Bites Starbucks
30%
Raspberry Cheesecake Cookie Subway
29%
Teen Burger A&W
26%
Super Star Hardee’s
26%
Moroccan Chicken Stuffed Pizza Sbarro
26%
Cajun Fillet Biscuit with Pimento Cheese Bojangles’
23%
Pretzel Cheddar Club Chick-Fil-A
14%
Chocolate Chip Buttermilk Biscuit Popeye’s
13%
Philly Cheese Steak Loaded Tots Dominos
9%
Signature Stackburger Dairy Queen
7%
No matching quizzes found
Score Distribution
Percent of People with Each Score
Percentile by Number Answered
Your Score History
You have not taken this quiz